Scrambled Country Names - Statistics

General Stats
  • This quiz has been taken 134 times
  • The average score is 11 of 12
Answer Stats
SCRAMBLED Answer % Correct
RANI Iran
100%
GOOT Togo
97%
AANHG Ghana
93%
CMEROANO Cameroon
89%
GINRE Niger
89%
KRUINAE Ukraine
89%
DNSUA Sudan
88%
AAYNGU Guyana
87%
WAATNBSO Botswana
86%
WAAITN Taiwan
86%
MAVNETI Vietnam
79%
EETIARR Eritrea
75%
No matching quizzes found
Score Distribution
Percent of People with Each Score
Percentile by Number Answered
Your Score History
You have not taken this quiz